Top 100 Biggest Cities in Countries that Start with U - Statistics

General Stats
  • This quiz has been taken 271 times
  • The average score is 72 of 100
Answers on the Map
Answers color-coded by a green-red scale on the quiz's map according to % correct below.
 
Answer Stats
Country City Population % Correct
United Kingdom London 9,047,570
99%
Ukraine Kiev 2,967,360
98%
United Arab Emirates Dubai 2,401,067
96%
United States Los Angeles 3,979,576
96%
United Kingdom Manchester 563,561
96%
United Kingdom Birmingham 1,160,254
95%
United Kingdom Liverpool 586,889
95%
United States Miami 467,963
95%
United States New York 8,336,817
95%
United Arab Emirates Abu Dhabi 1,202,756
94%
United States Boston 692,600
94%
United States Dallas 1,343,573
94%
United Kingdom Edinburgh 504,020
94%
United Kingdom Glasgow 629,920
94%
United States Chicago 2,693,976
93%
United States Houston 2,320,268
93%
United Kingdom Leeds 511,164
93%
United States Phoenix 1,680,992
93%
United States Seattle 753,675
93%
United States Detroit 670,031
92%
United States Washington 705,749
92%
United States Atlanta 506,811
91%
United States Austin 978,908
91%
United States Denver 727,211
91%
United States Philadelphia 1,584,064
91%
United States San Francisco 881,549
91%
United Kingdom Belfast 338,160
90%
United States Las Vegas 651,319
90%
United States New Orleans 390,144
90%
United States San Diego 1,423,851
89%
Uzbekistan Tashkent 2,571,668
89%
United States Minneapolis 429,606
88%
United States Portland 654,741
88%
United States Tampa 399,700
88%
United Kingdom Cardiff 354,178
87%
United States Jacksonville 911,507
87%
Uganda Kampala 1,680,600
87%
United States San Antonio 1,547,253
87%
United States Cleveland 381,009
86%
Ukraine Odessa 1,017,699
86%
United States Baltimore 593,490
85%
United States Kansas City 495,327
85%
United States Sacramento 513,624
85%
United States Indianapolis 876,384
84%
Uruguay Montevideo 1,304,687
84%
United States Oklahoma City 655,057
84%
United States Nashville 670,820
83%
United Kingdom Sheffield 552,143
83%
United Kingdom Bristol 577,246
80%
United States Charlotte 885,708
80%
United States Columbus 898,553
80%
United States El Paso 681,728
80%
Ukraine Kharkiv 1,443,207
80%
United States Memphis 651,073
80%
United States San Jose 1,021,795
80%
Ukraine Donetsk 908,456
79%
United States Milwaukee 590,157
79%
United States Honolulu 345,064
76%
Ukraine Lviv 724,314
76%
United States Albuquerque 560,513
75%
United States Tucson 548,073
75%
United States Fort Worth 909,585
74%
United States Raleigh 474,069
73%
United States Virginia Beach 449,974
72%
Ukraine Dnipro 990,724
71%
United States Fresno 531,576
71%
United States Louisville 617,638
70%
United States Omaha 478,192
69%
United States Colorado Springs 478,221
67%
United Kingdom Leicester 472,558
67%
United States Oakland 433,031
67%
United States Tulsa 401,190
63%
United States Corpus Christi 326,586
60%
United States Mesa 518,012
59%
United States Long Beach 462,628
57%
United States Bakersfield 384,145
55%
United States Wichita 389,938
55%
United States Anaheim 350,365
54%
United Kingdom Coventry 382,073
53%
United Kingdom Bradford 366,187
50%
United States Arlington 398,854
49%
United States Riverside 331,360
49%
Ukraine Luhansk 401,297
48%
Ukraine Mariupol' 436,569
47%
United States Aurora 379,289
46%
Uzbekistan Samarkand 546,303
43%
United Arab Emirates Sharjah 1,274,749
42%
United States Santa Ana 332,318
40%
Ukraine Zaporizhia 731,922
40%
Ukraine Kryvyi Rih 619,278
33%
Ukraine Mykolaiv 480,080
27%
United Arab Emirates Al Ain 496,205
26%
Ukraine Vinnytsia 370,707
20%
Uzbekistan Namangan 626,120
18%
United Arab Emirates Ajman 450,000
15%
Uzbekistan Andijan 441,700
15%
Ukraine Makiivka 341,362
13%
Uganda Kira 462,900
11%
Uganda Nansana 532,800
11%
Uganda Makindye Ssabagabo 413,400
5%
No matching quizzes found
Score Distribution
Percent of People with Each Score
Percentile by Number Answered
Your Score History
You have not taken this quiz